Loading...
மௌனத்தின் மொழிபெயர்ப்புகள்
| Main Author: | |
|---|---|
| Format: | Printed Book |
| Published: |
Chennai
Sabarish Bharathi
2009
|
| Subjects: |
| LEADER | 00562nam a22001457a 4500 | ||
|---|---|---|---|
| 082 | |a 894.811301 |b MUR/M | ||
| 100 | |a Murukan |a முருகன் கரு | ||
| 240 | |a Mounathin Mozhipeyarppukal | ||
| 245 | |a மௌனத்தின் மொழிபெயர்ப்புகள் | ||
| 260 | |a Chennai |b Sabarish Bharathi |c 2009 | ||
| 300 | |a 128p. | ||
| 650 | |a Tamil Short Stories | ||
| 942 | |c BK | ||
| 999 | |c 315897 |d 315897 | ||
| 952 | |0 0 |1 0 |4 0 |6 894_811301000000000_MUR_M |7 0 |9 337876 |a TAM |b TAM |d 2020-12-02 |g 50.00 |l 0 |o 894.811301 MUR/M |p TAM30579 |r 2020-12-02 |w 2020-12-02 |y BK | ||